Priestorová analýza vybraných ukazovateľov sčítania domov a bytov 2021 v Slovenskej republike

Guardado en:
Detalles Bibliográficos
Autor principal: Chocholatá, Michaela, 1977-
Formato: Capítulo de libro
Lenguaje:inglés
Materias:
Etiquetas: Agregar Etiqueta
Sin Etiquetas, Sea el primero en etiquetar este registro!

MARC

LEADER 00000naa$a2200000$$$4500
001 0289242
005 20240502074430.3
041 0 |a eng 
044 |a SK 
245 1 0 |a Priestorová analýza vybraných ukazovateľov sčítania domov a bytov 2021 v Slovenskej republike  |c Michaela Chocholatá 
500 |a Abstrakt 
610 2 0 |a byty 
610 2 0 |a nehnuteľnosti 
610 2 0 |a Slovensko 
100 1 |a Chocholatá, Michaela, 1977-